| 000 | 00518nam a2200193Ia 4500 | ||
|---|---|---|---|
| 003 | GCL | ||
| 008 | 140319s9999 xx 000 0 ara d | ||
| 040 |
_aGCL / _cGCL |
||
| 082 | 0 | 4 |
_a810.9 _bم ش |
| 100 | 1 | _aمحمد حسين هيكل | |
| 245 | 1 | 0 |
_aشرق وغرب : رحلات / _cمحمد حسين هيكل |
| 700 | 1 | _aحافظ محمود | |
| 300 | _a330 ص | ||
| 490 | _a | ||
| 650 | 0 | 4 | _aالادب العربى |
| 650 | 0 | 4 | _aالرحلات |
| 650 | 0 | 4 | _aالرحلات فى الادب |
| 942 |
_2ddc _cBK |
||
| 999 |
_c44685 _d44685 |
||